Hydro-electric engineering practice (Record no. 23107)

000 -LEADER
fixed length control field 00631nam a2200229 a 4500
001 - CONTROL NUMBER
control field 23107
003 - CONTROL NUMBER IDENTIFIER
control field BD-DhUET
008 - FIXED-LENGTH DATA ELEMENTS--GENERAL INFORMATION
fixed length control field 750916s1958 enkab b 001 0 eng c
040 ## - CATALOGING SOURCE
Original cataloging agency FQG
Transcribing agency FQG
Modifying agency BD-DhUET
082 ## - DEWEY DECIMAL CLASSIFICATION NUMBER
Classification number 623.12134
Item number BRO/1958
100 ## - MAIN ENTRY--PERSONAL NAME
Personal name Brown, J. Guthrie
245 10 - TITLE STATEMENT
Title Hydro-electric engineering practice
250 ## - EDITION STATEMENT
Edition statement 1st ed.
260 ## - PUBLICATION, DISTRIBUTION, ETC. (IMPRINT)
Place of publication, distribution, etc. London
Name of publisher, distributor, etc. Blackie & Son
Date of publication, distribution, etc. 1958
300 ## - PHYSICAL DESCRIPTION
Extent xxiv, 473 p.
Other physical details ill.
Dimensions 26 cm.
500 ## - GENERAL NOTE
General note V. 3. Economics, operation, and maintenance
504 ## - BIBLIOGRAPHY, ETC. NOTE
Bibliography, etc Includes bibliographies
650 #0 - SUBJECT ADDED ENTRY--TOPICAL TERM
Topical term or geographic name as entry element Hydroelectric power plants
650 #0 - SUBJECT ADDED ENTRY--TOPICAL TERM
Topical term or geographic name as entry element Dams
700 ## - ADDED ENTRY--PERSONAL NAME
Personal name Hunter, J.K.
942 ## - ADDED ENTRY ELEMENTS (KOHA)
Koha item type Edited Book
Holdings
Date acquired Copy number Piece designation (barcode) Source of classification or shelving scheme Lost status Not for loan Damaged status Koha item type Price effective from Withdrawn status Koha full call number Koha normalized classification for sorting Location (home branch) Koha date last seen Shelving location Sublocation or collection (holding branch)
2015-05-02116888    Edited Book2015-05-02 623.12134/BRO/1958623_121340000000000_BRO_1958Central Library, BUET2015-05-02Circulation sectionCentral Library, BUET
2015-05-02214429    Edited Book2015-05-02 623.12134/BRO/1958623_121340000000000_BRO_1958Central Library, BUET2015-05-02Circulation sectionCentral Library, BUET